Language Quiz

Random Language or Bands Quiz

Anguished English 2: Bands Quiz Stats

 Plays Quiz not verified by Sporcle

Score 0/20 Timer 03:00
0 Plays Today
Hint Band % Correct
elle adze apple inled zeppelin
89%
fan hail win van halen
85.3%
nerd van ahnirvana
81.7%
mottle leak ruemotley crue
78%
line hard skin yardlynyrd skynyrd
67.9%
comes in rows isguns and roses
61.5%
banjo weebon jovi
54.1%
pueh rawlge hampearl jam
52.3%
cleanqueen
43.1%
addicts each icksdixie chicks
43.1%
Hint Band % Correct
4 runnerforeigner
42.2%
est won't ample pile yotsstone temple pilots
40.4%
alms and broad hersallman brothers
38.5%
casey had easyac/dc
32.1%
adjure mejourney
32.1%
yes ecks pencilssex pistols
31.2%
y'all art brr dizzyardbirds
27.5%
are only sings to ownsrolling stones
27.5%
add ream the otherdream theater
23.9%
duffle bearddef leppard
22.9%

You're not logged in!

Compare scores with friends on all Sporcle quizzes.
OR
Log In

Show Comments

Extras

Created Nov 13, 2010ReportNominate
Tags:Bands Quiz, English, phrase, sound

Top Quizzes Today


Score Distribution

Your Account Isn't Verified!

In order to create a playlist on Sporcle, you need to verify the email address you used during registration. Go to your Sporcle Settings to finish the process.

Report this User

Report this user for behavior that violates our Community Guidelines.

Details: